000 01062nam a2200277 a 4500
001 000022519
005 20211111120944.0
008 101012s2005 dr a 001 0 spa d
020 _a9945856405
040 _aDO-SdBNP
_bspa
_cBNPHU
082 _a972.9383
_bR173h
100 1 _aRamírez, Fausto B.
_946365
245 1 0 _aHistoria y leyendas de La Romana /
_cFausto B. Ramírez, Victoriano P. Ramirez.
260 _aSanto Domingo :
_bImpresos Ureña,
_c2005.
300 _av. :
_bil. ;
_c26 cm.
500 _aLa biblioteca posee el volumen 1
504 _aBibliografía : p. 248
651 0 _aLa Romana (República Dominicana)
_945329
651 4 _aLa Romana (República Dominicana{Rpara}
_xCondiciones Económicas
_946366
651 4 _aLa Romana (República Dominicana{Rpara}
_xVida Social Y Costumbres
_938004
651 4 _aLa Romana (República Dominicana{Rpara}
_xLeyendas
_946367
650 4 _aCiudades y pueblos
_zRepública Dominicana
_9784
700 1 _aRamirez, Victoriano P.
_946368
910 _aValidado. Control de calidad BNPHU
049 _aBNPD
999 _c22017
_d22017